| 000 | 00660nam a2200193 i 4500 | ||
|---|---|---|---|
| 001 | 71840 | ||
| 003 | ES-MaACL | ||
| 005 | 20230906171238.0 | ||
| 007 | t| | ||
| 008 | 040819s1980 sp ||||1| spa d | ||
| 100 | 1 |
_aGibran, Gibran Jalil. _956659 |
|
| 245 | 1 | 3 |
_aEl profeta _b: [el loco] / _cKhalil Gibran ; ilustraciones de Nelson Leiva ; [traducción, José Manuel Vergara, Fernando Aragón]. |
| 260 |
_a[Barcelona] : _bCírculo de Lectores, _c[1980] |
||
| 300 |
_a199 p. : _bil. ; _c22 cm. |
||
| 700 | 1 |
_aLeiva, Nelson. _971411 |
|
| 700 | 1 |
_aVergara, José Manuel. _9114084 |
|
| 700 | 1 |
_aAragón, Fernando. _922174 |
|
| 852 |
_aES-MaACL _jL-1301 _bR.100372 |
||
| 999 |
_c71840 _d71840 |
||